1814 1553 1329 1401 1166 1153 1340 1042 1630 1774 1753 1576 1299 1721 1317 1050 1575 1829 1801 1934 1465 1368 1923 1963 1051 1019 1105 1173 1368 1492 1872 1817 1147 1350 1874 1915 1372 1145 1694 1847 1843 1548 1461 1352 1616 1516 1387 1935 1977 1482 1570 1190 1679 1236 1442 1117 1950 1233 1388 1241 1430 1492 1088 1351 1713 1916 1229 1225 1440 1281 1546 1167 1064 1907 1987 1456 1905 1232 1375 1057 1417 1371 1078 1555 1058 1400 1234 1099 1969 1751 1153 1370 1155 1051 1186 1619 1082 1249 1586 BCNSPRNW ULIB Ver.6.0+V

เปลี่ยนเป็นภาษาไทย

Change to English
 แสดงรายละเอียดบรรณานุกรม
  กลับหน้าหลัก

Brief Record : Get Marc (ISO 2709) : E-mail record : QR code < ปิดหน้าต่าง
LEADER : 00000nam 2200000uu 4500
001    13399124057
003     ULIB
008    150106s2554||||th 000 0 tha d
020    ^a9789740720478
060  4 ^aWE103^bร399ข
100 1  ^aวอล์คเกอร์, ริชาร์ด
245 10 ^aร่างกายของมนุษย์ กล้ามเนื้อ :^bเราเคลื่อนไหวและออกกำลังกายอย่างไร /^c ริชาร์ด วอล์คเกอร์ แปลโดย เยาวนันท์ เชฏฐรัตน์
246 0  ^aกล้ามเนื้อ เราเคลื่อนไหวและออกกำลังกายอย่างไร
250    ^aพิมพ์ครั้งที่ 1
260    ^aกรุงเทพฯ :^bไทยวัฒนาพานิช,^c2554.
440  0 ^aร่างกายของมนุษย์
650  7 ^aกายวิภาคศาสตร์
650  7 ^aสรีรวิทยามนุษย์
650  7 ^aกล้ามเนื้อ,^xการเคลื่อนไหว
700 0  ^aแฟรงคิน วัตต์ส
945    ^p330^l0^i037992
945    ^p330^l0^i037993
945    ^p330^l0^i037994
945    ^p330^l0^i037995
945    ^p330^l0^i037996
999    ^aเกษร โพธิ์สุวรรณ
รายการนี้ยังไม่มีแท็ก
คุณยังไม่ได้ล็อกอิน คุณสามารถมีกิจกรรมร่วมกับเว็บไซต์ได้ แต่ต้องล็อกอินก่อน ::
  ล็อกอิน

รายการสื่อสารสนเทศ

ลำดับที่ ประเภท เลขเรียก/บาร์โค้ด สถานที่ สถานะ
1. วิทยาศาสตร์การแพทย์ และสุขภาพ
หนังสือสำรอง
สถานะ=หนังสือสำรอง
WE103 ร399ข ฉ.1 
  Barcode: 037992
ห้องสมุดวิทยาเขตสวรรค์ประชารักษ์
►ส่วนจัดเก็บหนังสือเก่า สปร
บนชั้น
  ขอยืม
2. วิทยาศาสตร์การแพทย์ และสุขภาพ
วิทยาศาสตร์การแพทย์ และสุขภาพ
WE103 ร399ข ฉ.2 
  Barcode: 037993
ห้องสมุดวิทยาเขตสวรรค์ประชารักษ์
►ส่วนจัดเก็บหนังสือเก่า สปร
บนชั้น
  ขอยืม
3. วิทยาศาสตร์การแพทย์ และสุขภาพ
วิทยาศาสตร์การแพทย์ และสุขภาพ
WE103 ร399ข ฉ.3 
  Barcode: 037994
ห้องสมุดวิทยาเขตสวรรค์ประชารักษ์
►ส่วนจัดเก็บหนังสือเก่า สปร
บนชั้น
  ขอยืม
4. วิทยาศาสตร์การแพทย์ และสุขภาพ
วิทยาศาสตร์การแพทย์ และสุขภาพ
WE103 ร399ข ฉ.4 
  Barcode: 037995
ห้องสมุดวิทยาเขตสวรรค์ประชารักษ์
►ส่วนจัดเก็บหนังสือเก่า สปร
บนชั้น
  ขอยืม
5. วิทยาศาสตร์การแพทย์ และสุขภาพ
วิทยาศาสตร์การแพทย์ และสุขภาพ
WE103 ร399ข ฉ.5 
  Barcode: 037996
ห้องสมุดวิทยาเขตสวรรค์ประชารักษ์
►ส่วนจัดเก็บหนังสือเก่า สปร
บนชั้น
  ขอยืม

รายการใกล้เคียง
    ผู้แต่ง [วอล์คเกอร์, ริชาร์ด]

    หัวเรื่อง [กายวิภาคศาสตร์]
    หัวเรื่อง [สรีรวิทยามนุษย์]

BibComment


ยังไม่เคยถูกคอมเมนท์

คอมเมนท์ทรัพยากรรายการนี้
  คอมเมนท์: ร่างกายของมนุษย์..


 Copyright 2026. Bcnsprnw @Library